000 01242nam a2200229Ia 4500
001 L232-6655
003 IT-CnALBA
008 170116s9999||||xx |||||||||||||| ||und||
040 _aIT-CnALBA
_cIT-CnALBA
041 _aITALIANO
100 _aNENO P. TOBIA, SJ.
245 0 _aMEDITAZIONI SOPRA LA PASSIONE DI N. S. GESÙ CRISTO.
250 _a1a ed.
260 _a MILANO BOLOGNA
_bANCORA EDITRICE
_c1941 [1° Ed.:1941 - Ed.Ling.Originale: 1941]
300 _a550 p. (prefazione: 56)
500 _aDONO DI DON CHIAVARINO G. SSP. PASSIONE DI GESÙ. GERUSALEMME. CENA. ISTITUZIONE DELL'EUCARESTIA. LA VITE E I TRALCI. CARITÀ FRATERNA. PROMESSA DELLO SPIRITO SANTO. GETSEMANI. GIUDA IL TRADITORE. PROCESSO RELIGIOSO POLITICO E CONDANNA DI GESÙ. DA PILATO. G
501 _aSocietà San Paolo EM - Piazza San Paolo, 14 - 12051 ALBA (CN) (non commercial uses only) ® Copyright 2017
520 _aDONO DI DON CHIAVARINO G. SSP. PASSIONE DI GESÙ. GERUSALEMME. CENA. ISTITUZIONE DELL'EUCARESTIA. LA VITE E I TRALCI. CARITÀ FRATERNA. PROMESSA DELLO SPIRITO SANTO. GETSEMANI. GIUDA IL TRADITORE. PROCESSO RELIGIOSO POLITICO E CONDANNA DI GESÙ. DA PILATO. G
650 _aVITA E MISTERO DI CRISTO
942 _cBK
957 _71
999 _a7631
_bSI
_g Copie: 1
_c265837
_d265837